000 00613nam a2200205 a 4500
005 20240806063810.0
008 020625s1986 mx r 000 0 spa d
020 _a8471769638
035 _aUPN01000117928
049 _aI
050 4 _aPN6071 R5
_bW3.38
100 1 _aWalker, Robert W.
245 1 0 _aEn busca de las fuentes del nilo /
_cRobert W. Walker ; tr. Margarita Cavadoli.
260 _aBarcelona, Esp. :
_bTimun Mas,
_c1986.
300 _a127 p. :
_bil.
440 3 _aLa máquina del tiempo ;
_v12
650 2 _aCuentos de aventuras
_99134
650 4 _aLiteratura juvenil
_95153
905 _aInfantil
999 _c90335
_d90335